| 000 | 01545nam a2200229Ia 4500 | ||
|---|---|---|---|
| 003 | Ost | ||
| 005 | 20260507075101.0 | ||
| 008 | 260507s9999||||xx |||||||||||||| ||und|| | ||
| 020 | _a200318132 | ||
| 040 | _cfsecg | ||
| 041 | _aara | ||
| 082 | _a364 | ||
| 100 |
_aعبد الحكم، سامح محمد _eمؤلف |
||
| 245 | 0 |
_a الحماية الجنائية لبطاقات الإئتمان : _bجرائم بطاقات الدفع الإلكتروني / _c سامح محمد عبد الحكم |
|
| 260 |
_aالقاهرة: _bدار النهضة العربية, _c2003 |
||
| 300 |
_a164 صفحة؛ _c24 سم |
||
| 504 | _aببليوغرافيا :ص.146 | ||
| 520 | _aماهية بطاقات الإئتمان،الجوانب الموضوعية للحماية الجنائية لبطاقات الإئتمان،جرائم الإحتيال في استخدام البطاقة من قبل الحامل الشرعي لها،جرائم الإحتيال في استخدام البطاقة من قبل الغير،الجوانب الإجرائية وفقا لتطور أساليب التلاعب في جرائم بطاقات الإئتمان،التغلب على اشكالية الإثبات الناجمة عن استخدام بطاقات الإئتمان،أوجه مكافحة جرائم بطاقات الإئتمان | ||
| 653 | _aالبنوك | ||
| 653 | _aجرائم الاموال | ||
| 942 | _cكتاب | ||
| 999 |
_c42799 _d42799 |
||